The geopolitics of super power /

Bibliographic Details
Main Author: Gray, Colin S.
Format: Book
Language:English
Published: Lexington, Ky. : University Press of Kentucky, [1988]
Subjects:

MARC

Tag First Indicator Second Indicator Subfields
LEADER 00000cam a2200000 a 4500
001 in00000028080
005 20151007055954.0
008 870909s1988 kyub b s00110 eng
010 |a  87025355  
020 |a 0813116279 :  |c $26.00 (est.) 
020 |a 0813101816 (pbk.) 
035 |a (OCoLC)16950456 
035 |9 AAB9769AM 
040 |a DLC  |c DLC  |d TXA  |d UtOrBLW 
043 |a n-us--- 
049 |a TXAM  |c [A11506650] 
050 0 0 |a UA23  |b .G7786 1988 
082 0 |a 355/.033073  |2 19 
100 1 |a Gray, Colin S. 
245 1 4 |a The geopolitics of super power /  |c Colin S. Gray. 
264 1 |a Lexington, Ky. :  |b University Press of Kentucky,  |c [1988] 
264 4 |c ©1988 
300 |a 274 pages :  |b maps ;  |c 25 cm. 
336 |a text  |b txt  |2 rdacontent 
337 |a unmediated  |b n  |2 rdamedia 
338 |a volume  |b nc  |2 rdacarrier 
504 |a Bibliography: pages [200]-263. 
500 |a Includes index. 
650 0 |a National security  |z United States. 
651 0 |a United States  |x Military relations  |z Soviet Union. 
651 0 |a Soviet Union  |x Military relations  |z United States. 
650 0 |a Geopolitics. 
999 |a MARS 
999 f f |s f94391ef-9a69-3414-9e58-7a34e575cf13  |i 63566e11-4779-3d14-8693-a403ec654019  |t 0 
952 f f |p normal  |a Texas A&M University  |b College Station  |c Sterling C. Evans Library  |d Evans: Library Stacks  |t 0  |e UA23 .G7786 1988  |h Library of Congress classification  |i unmediated -- volume  |m A14811506650 
998 f f |a UA23 .G7786 1988  |t 0  |l Evans: Library Stacks